[Event "LTU-chT Rapid"]
[Site "Panevezys"]
[Date "2019.11.23"]
[Round "4.8"]
[White "Perminaite, Guoda"]
[Black "Sapovalovaite, Leva"]
[Result "1/2-1/2"]
[WhiteElo "1860"]
[BlackElo "1783"]
[PlyCount "108"]
[EventDate "2019.11.23"]
[EventType "team-swiss (rapid)"]
[EventRounds "8"]
[EventCountry "LTU"]
[SourceTitle "EXT 2023"]
[Source "ChessBase"]
[SourceDate "2022.10.05"]
[SourceVersion "1"]
[SourceVersionDate "2022.10.05"]
[SourceQuality "1"]

1. e4 c6 2. d4 d5 3. exd5 cxd5 4. Bd3 e6 5. c3 Bd6 6. Nf3 h6 7. 0-0 Ne7 8. Re1 b6 9. Nbd2 Ba6 10. Qc2 Bxd3 11. Qxd3 Nd7 12. Nf1 a6 13. Ne3 b5 14. a3 Nb6 15. Ng4 Nc4 16. Nge5 a5 17. b3 Nxe5 18. dxe5 Bc7 19. Qxb5+ Qd7 20. Qxd7+ Kxd7 21. Be3 Nc6 22. Bc5 g5 23. h3 Rhg8 24. Rad1 h5 25. g4 Rac8 26. c4 Nxe5 27. Rxe5 Bxe5 28. Nxe5+ Ke8 29. Bb6 f6 30. Nf3 hxg4 31. hxg4 dxc4 32. bxc4 Rxc4 33. Bxa5 Rxg4+ 34. Kf1 Kf7 35. Rd4 Rxd4 36. Nxd4 f5 37. Kg2 Kf6 38. Nf3 g4 39. Bc3+ Ke7 40. Ne5 Ra8 41. Bb4+ Kf6 42. Nd7+ Kg5 43. Nc5 e5 44. Nd7 Re8 45. a4 f4 46. Bd6 e4 47. Kf1 e3 48. fxe3 Rxe3 49. a5 Re6 50. Ne5 Kf5 51. Bc7 Re7 52. Bb8 Re8 53. Bc7 Re7 54. Bb8 Re8 1/2-1/2

[Event "LTU-chT Rapid"]
[Site "Panevezys"]
[Date "2019.11.23"]
[Round "3.12"]
[White "Sapovalovaite, Leva"]
[Black "Vanagaite, Giedre"]
[Result "1-0"]
[WhiteElo "1783"]
[BlackElo "1970"]
[PlyCount "99"]
[EventDate "2019.11.23"]
[EventType "team-swiss (rapid)"]
[EventRounds "8"]
[EventCountry "LTU"]
[SourceTitle "EXT 2023"]
[Source "ChessBase"]
[SourceDate "2022.10.05"]
[SourceVersion "1"]
[SourceVersionDate "2022.10.05"]
[SourceQuality "1"]

1. d4 Nf6 2. c4 g6 3. Nf3 Bg7 4. Bf4 0-0 5. e3 d5 6. h3 c5 7. Nc3 cxd4 8. Nxd4 Nc6 9. Nxc6 bxc6 10. Be2 Qa5 11. Qa4 Qxa4 12. Nxa4 Ba6 13. Rc1 Rac8 14. 0-0 Ne4 15. Rfd1 Rfd8 16. Bf3 e5 17. Bh2 Ng5 18. cxd5 Nxf3+ 19. gxf3 cxd5 20. Rxc8 Bxc8 21. Kg2 d4 22. Nc5 f6 23. b4 Bf8 24. exd4 exd4 25. a3 Rd5 26. Bb8 a6 27. Ne4 Kf7 28. Ba7 d3 29. Bc5 Bf5 30. Bxf8 Bxe4 31. fxe4 Rg5+ 32. Kf3 Kxf8 33. Rxd3 Ke7 34. a4 Re5 35. Rd5 Re6 36. b5 axb5 37. axb5 Rb6 38. Ke3 Ke6 39. Kd4 Rb8 40. Kc5 Rc8+ 41. Kb4 f5 42. f3 Rc1 43. b6 Rb1+ 44. Ka5 Ra1+ 45. Kb5 Ra3 46. b7 Rxf3 47. Kc6 Rc3+ 48. Rc5 Rb3 49. Rb5 Rc3+ 50. Kb6 1-0